<?xml version="1.0" encoding="UTF-8"?>
<collection xmlns="http://www.loc.gov/MARC21/slim">
 <record>
  <leader>     na                 </leader>
  <controlfield tag="001">INLIS000000000010836</controlfield>
  <controlfield tag="005">20230417101902</controlfield>
  <datafield tag="035" ind1=" " ind2=" ">
   <subfield code="a">0010-0123000011</subfield>
  </datafield>
  <datafield tag="245" ind1="1" ind2=" ">
   <subfield code="a">A to Z Karya Tulis Ilmiah Dalam Jurnal</subfield>
  </datafield>
  <datafield tag="100" ind1="1" ind2=" ">
   <subfield code="a">Supriadi</subfield>
   <subfield code="e">Pengarang</subfield>
  </datafield>
  <datafield tag="700" ind1="1" ind2=" ">
   <subfield code="a">Pribadi, Ekawasita Rini</subfield>
   <subfield code="e">Pengarang</subfield>
  </datafield>
  <datafield tag="700" ind1="0" ind2=" ">
   <subfield code="a">Bursatriannyo</subfield>
   <subfield code="e">Pengarang</subfield>
  </datafield>
  <datafield tag="700" ind1="1" ind2=" ">
   <subfield code="a">Widiarta, I Nyoman</subfield>
   <subfield code="e">Penyunting</subfield>
  </datafield>
  <datafield tag="260" ind1=" " ind2=" ">
   <subfield code="a">Bogor</subfield>
   <subfield code="b">Yayasan Pertanian Mandiri</subfield>
   <subfield code="c">2011</subfield>
  </datafield>
  <datafield tag="300" ind1=" " ind2=" ">
   <subfield code="a">xiii, 115p. :</subfield>
   <subfield code="b">ill., tab. ;</subfield>
   <subfield code="c">21 cm</subfield>
  </datafield>
  <datafield tag="020" ind1=" " ind2=" ">
   <subfield code="a">978-602-344-307-9</subfield>
  </datafield>
  <datafield tag="650" ind1=" " ind2="4">
   <subfield code="a">Karya Tulis Ilmiah</subfield>
  </datafield>
  <datafield tag="650" ind1=" " ind2="4">
   <subfield code="a">Terbitan Serial</subfield>
  </datafield>
  <datafield tag="650" ind1=" " ind2="4">
   <subfield code="a">Jurnal</subfield>
  </datafield>
  <datafield tag="264" ind1=" " ind2=" ">
   <subfield code="a">Bogor :</subfield>
   <subfield code="b">Yayasan Pertanian Mandiri,</subfield>
   <subfield code="c">2011</subfield>
  </datafield>
  <datafield tag="264" ind1=" " ind2=" ">
   <subfield code="a">Jakarta :</subfield>
   <subfield code="b">IAARD Press,</subfield>
   <subfield code="c">2021</subfield>
  </datafield>
  <datafield tag="336" ind1=" " ind2=" ">
   <subfield code="2">rdacontent</subfield>
   <subfield code="a">Teks</subfield>
  </datafield>
  <datafield tag="337" ind1=" " ind2=" ">
   <subfield code="2">rdamedia</subfield>
   <subfield code="a">Tanpa Perantara</subfield>
  </datafield>
  <datafield tag="338" ind1=" " ind2=" ">
   <subfield code="2">rdacarrier</subfield>
   <subfield code="a">Volume</subfield>
  </datafield>
  <datafield tag="082" ind1=" " ind2=" ">
   <subfield code="a">82-92</subfield>
  </datafield>
  <datafield tag="084" ind1=" " ind2=" ">
   <subfield code="a">82-92 SUP a</subfield>
  </datafield>
  <datafield tag="856" ind1=" " ind2=" ">
   <subfield code="a">Perpustakaan PSEKP</subfield>
  </datafield>
  <controlfield tag="008">230417                g          0 ind  </controlfield>
  <datafield tag="520" ind1=" " ind2=" ">
   <subfield code="a">Buku terbitan Badan Penelitian dan Pengembangan Pertanian yang berjudul &quot;A to Z Karya Tulis Ilmiah Dalam Jurnal&quot; ini memberikan tips dan trik dalam menghasilkan tulisan karya ilmiah yang bermutu. Mulai dari data, cara penulisan, dan bahasa diuraikan secara jelas dalam buku ini sehingga mudah untuk dipraktikkan oleh para calon-calon penulis naskah untuk jurnal ilmiah. Buku ini sendiri ditulis oleh para peneliti dan pengelola senior jurnal ilmiah Badan Penelitian dan Pengembangan Pertanian sehingga dapat dijadikan acuan bagi para peneliti maupun mahasiswa, serta pengelola jurnal ilmiah.</subfield>
  </datafield>
  <datafield tag="500" ind1=" " ind2=" ">
   <subfield code="a">Indeks hal. 114</subfield>
  </datafield>
  <datafield tag="990" ind1=" " ind2=" ">
   <subfield code="a">793/PSEKP/2023</subfield>
  </datafield>
  <datafield tag="990" ind1=" " ind2=" ">
   <subfield code="a">792/PSEKP/2023</subfield>
  </datafield>
 </record>
</collection>
